000 00287nam a22001337a 4500
008 170606b xxu||||| |||| 00| 0 eng d
020 _a9780965532761
041 _aeng
080 _a94
100 _a18
101 _aSHH
245 _aA GENIUS FOR WAR
_cDUPUY.T.N
942 _2udc
_cBK
999 _c16087
_d16087